LIBRARY & INFORMATION CENTRE, KCAET, TAVANUR

ONLINE PUBLIC ACCESS CATALOGUE (OPAC)

Participatory evaluation / (Record no. 3230)

MARC details
000 -LEADER
fixed length control field 00406cam a2200169ua 4500
003 - CONTROL NUMBER IDENTIFIER
control field OSt
008 - FIXED-LENGTH DATA ELEMENTS--GENERAL INFORMATION
fixed length control field 250812b |||||||| |||| 00| 0 eng d
041 ## - LANGUAGE CODE
Language code of text/sound track or separate title eng
082 ## - DEWEY DECIMAL CLASSIFICATION NUMBER
Classification number 628.01
Item number DEE/PA
100 ## - MAIN ENTRY--AUTHOR NAME
Personal name Deepa Narayan, .
245 ## - TITLE STATEMENT
Title Participatory evaluation /
250 ## - EDITION STATEMENT
Edition statement 1 /
260 ## - PUBLICATION, DISTRIBUTION, ETC. (IMPRINT)
Place of publication Washigton :
Name of publisher The World Bank ,
Year of publication 1993.
300 ## - PHYSICAL DESCRIPTION
Number of Pages 121 ; .
500 ## - GENERAL NOTE
General note ** Reference
942 ## - ADDED ENTRY ELEMENTS (KOHA)
Koha item type Books
Holdings
Withdrawn status Lost status Damaged status Home library Current library Date acquired Full call number Accession Number Koha item type
      KAUAET KAUAET 07/04/2012 628.01 DEE/PA 18422 Books
free website counter